000 00733cam a2200205 a 4500
040 _cDLC
082 0 0 _a631 FIS 1992 C156 Or.
245 0 0 _aSoil, water, and crop/livestock management systems for rainfed agriculture in the Near East region :
_bproceedings of the workshop at Amman, Jordan, January 18-23, 1986 /
300 _axiv, 343 pages :
_billustrations, maps ;
_c28 cm.
500 _a"October 1989"--T.p. verso.
650 0 _aDry farming
650 0 _aAgricultural systems
650 0 _aAgricultural conservation
700 1 _aWhitman, C. E.
710 1 _aUnited States.
710 1 _aUnited States.
710 2 _aInternational Center for Agricultural Research in the Dry Areas
710 1 _aJordan.
942 _cAEDBB
999 _c18962
_d18962